000 00759nam a2200325Ia 4500
001 1130
008 191123s9999 xx 000 0 und d
041 _aeng
041 _aspa
044 _aag
100 _aSessa, Aldo,
245 0 _aEl arte de la fotografía.
260 _aBuenos Aires :
_bMuseo Nacional de Bellas Artes,
_c1989.
300 _a54 p.
_bláminas b/n
500 _aExposición realizada del 9/6 al 16/7 de 1989
650 _aARGENTINA
650 _aBIOGRAFIAS
650 _aEXPOSICIONES
650 _aFOTOGRAFIAS
650 _aSESSA, ALDO
902 _aM
903 _am
904 _am
907 _aImpreso
911 _aláminas b/n
912 _a1989
942 _cLIBRO
999 _c923
_d923
550 _aláminas b/n